00418nam a22001217a 4500020001600000082001000016100002400026245011000050260003300160300002700193650005500220700002100275 qHard Cover. a624.1 aShah, Bilal Hussain aFactors Affecting Construction Labor Productivity on Building Projects in Pakistan /cBilal Hussain Shah. aIslamabad:bNIT NUST,c2015. a84 p. :bill. ;c30cm. aConstruction Engineering and Management MS-Thesis. aDr. Hamza Farooq